| 000 | 00773nam a2200217 i 4500 | ||
|---|---|---|---|
| 001 | 100697 | ||
| 003 | ES-MaACL | ||
| 005 | 20230906182728.0 | ||
| 007 | t| | ||
| 008 | 051004s1977 sp ||||1| spa d | ||
| 080 | _a(038)=134.2=581 | ||
| 100 | 1 |
_aMateos, Fernando. _978973 |
|
| 245 | 1 | 0 |
_aDiccionario español de la lengua china / _cpreparado por Fernando Mateos, S. J., Miguel Otegui, S. J., Ignacio Arrizabalaga, S. J., en el Instituto Ricci. |
| 260 |
_aMadrid : _bEspasa-Calpe, _c1977. |
||
| 300 |
_aXXXVIII, 1140 p., 1-179 p. ; _c29 cm. |
||
| 650 | 4 |
_aLengua china- _vDiccionarios- _xEspañol. _9163050 |
|
| 700 | 1 |
_aOtegui, Miguel. _987866 |
|
| 700 | 1 |
_aArrizabalaga, Ignacio. _923331 |
|
| 710 | 2 |
_aInstituto Ricci. _95227 |
|
| 852 |
_aES-MaACL _jA-7527 _bR.96914 |
||
| 999 |
_c100697 _d100697 |
||